000 01051nam a2200277 i 4500
001 bg
003 BPK
005 20200929075801.0
008 080123s2006 pl a f f |000 0 pol
015 _aPB 2008/3843
020 _a8372052425
040 _aWA N
_cBPK
080 _a311
080 _a(075.8)
100 1 _aKowalski, Jacek M.
245 1 0 _aPodstawy statystyki opisowej dla ekonomistów :
_bpodręcznik z przykładami i zadaniami /
_cJacek M. Kowalski.
260 _aPoznań ;
_aChorzów :
_bWydawnictwo Wyższej Szkoły Bankowej,
_c2006.
300 _a255, [1] s. :
_bil. ;
_c24 cm.
504 _aBibliogr. s. [256].
655 4 _aPodręczniki akademickie
650 4 _aStatystyka opisowa
710 2 _aWyższa Szkoła Bankowa (Poznań).
_bWydawnictwo.
_4pbl.
856 _uhttp://dlibra.tu.koszalin.pl/dlibra/docmetadata?id=340&from=&dirids=1&ver_id=&lp=1&QI=
_yBiblioteka Cyfrowa
942 _2UKD
_cKS
856 _uhttp://koha.tu.koszalin.pl/cgi-bin/koha/opac-detail.pl?biblionumber=53139
_yKatalog online BPK
999 _c53139
_d53139